LIBRARY & INFORMATION CENTRE, KCAET, TAVANUR

ONLINE PUBLIC ACCESS CATALOGUE (OPAC)

Introduction to spectroscopy: a guide for students of organic chemistry / (Record no. 13521)

MARC details
000 -LEADER
fixed length control field 00499cam a2200181ua 4500
041 ## - LANGUAGE CODE
Language code of text/sound track or separate title eng
082 ## - DEWEY DECIMAL CLASSIFICATION NUMBER
Classification number 535.84
Item number PAV/IN
100 ## - MAIN ENTRY--AUTHOR NAME
Personal name Pavia, Donald L .
245 ## - TITLE STATEMENT
Title Introduction to spectroscopy: a guide for students of organic chemistry /
250 ## - EDITION STATEMENT
Edition statement 3 /
260 ## - PUBLICATION, DISTRIBUTION, ETC. (IMPRINT)
Place of publication Australia :
Name of publisher Brooks/Cole ,
Year of publication 2008.
300 ## - PHYSICAL DESCRIPTION
Number of Pages ; .
700 1# - ADDED ENTRY--PERSONAL NAME
Personal name Kriz, George S .
700 1# - ADDED ENTRY--PERSONAL NAME
Personal name Lampman, Gary M .
942 ## - ADDED ENTRY ELEMENTS (KOHA)
Koha item type Books
Holdings
Withdrawn status Lost status Damaged status Home library Current library Date acquired Full call number Accession Number Koha item type
      KAUAET KAUAET 07/04/2012 535.84 PAV/IN 21969 Books
free website counter